Fußball Top 10 #3 (teuerste Transfers von Jose Mourinho) - Statistiken

Allgemein
  • Dieses Quiz wurde 85 mal gespielt
  • Das Durchschnittsergebnis liegt bei 3 aus 10
Antwortstatistiken
Platz Ablöse (in Mio €) Spieler, der von Mourinho verpflichtet wurde % Korrekt
1 105 Paul Pogba
77%
2 84,7 Romelu Lukaku
71%
8 38,5 Didier Drogba
45%
4 44,7 Nemanja Matic
20%
10 38 Diego Costa & Eric Bailly
15%
5 43,9 Andriy Shevchenko
12%
3 59 Fred
12%
9 38 Michael Essien
12%
7 41 Tammy Abraham
9%
6 42 Henrikh Mkhitaryan
8%
Keine übereinstimmenden Quizze gefunden
Verteilung der Resultate
Anzahl Personen mit jedem Resultat
Perzentil nach korrekt beantworteten Fragen
Ihre Resultats-Entwicklung
Sie haben dieses Quiz noch nicht gespielt